Kiswahili : (Record no. 4048)

MARC details
000 -LEADER
fixed length control field 00871nam a22002292 4500
001 - CONTROL NUMBER
control field 0000019972
005 - DATE AND TIME OF LATEST TRANSACTION
control field 20151217145922.0
008 - FIXED-LENGTH DATA ELEMENTS--GENERAL INFORMATION
fixed length control field 110405s xx 000 0 eng d
020 ## - INTERNATIONAL STANDARD BOOK NUMBER
International Standard Book Number 99668541993 :
040 ## - CATALOGING SOURCE
Original cataloging agency KABU
Transcribing agency KABU
110 2# - MAIN ENTRY--CORPORATE NAME
Corporate name or jurisdiction name as entry element Department of kiswahili and other African Languages Moi university and CHAKITA.
-- 0000180001
245 10 - TITLE STATEMENT
Title Kiswahili :
Remainder of title a tool for development the multidisciplinary approach.
250 ## - EDITION STATEMENT
Edition statement 1st ed.
260 ## - PUBLICATION, DISTRIBUTION, ETC. (IMPRINT)
Place of publication, distribution, etc. Moi university, Eldoret :
Name of publisher, distributor, etc. Moi university press,
Date of publication, distribution, etc. 2001.
300 ## - PHYSICAL DESCRIPTION
Extent xiv, 238 p.
650 #0 - SUBJECT ADDED ENTRY--TOPICAL TERM
Topical term or geographic name as entry element Swahili language
General subdivision Social aspects
Geographic subdivision Kenya.
-- 0000180002
650 #0 - SUBJECT ADDED ENTRY--TOPICAL TERM
Topical term or geographic name as entry element Sociolinguistics
Geographic subdivision Kenya.
-- 0000180003
710 2# - ADDED ENTRY--CORPORATE NAME
Corporate name or jurisdiction name as entry element Department of kiswahili and other African Languages Moi university and CHAKITA.
-- 0000180001
852 1# - LOCATION
-- p500 KES
908 ## - PUT COMMAND PARAMETER (RLIN)
Put command parameter 110405
950 ## - LOCAL HOLDINGS (RLIN)
-- 1
Holdings
Withdrawn status Lost status Source of classification or shelving scheme Not for loan Home library Current library Date acquired Total Checkouts Full call number Barcode Date last seen Date last checked out Price effective from Koha item type
    Library of Congress Classification   Kabarak, Main Campus Kabarak, Main Campus 17/12/2015 1 PL8701 .K57 2001 c.1 21890 06/10/2017 02/10/2017 17/12/2015 General Collection
Designed with assistance from East African Informatics Ltd